[Event "Max Euwe Memorial - Open A"]
[Site "SchemingMind.com"]
[Date "2013.03.26"]
[Round "-"]
[White "miriskra"]
[Black "Stauffenberg"]
[Result "1/2-1/2"]
[WhiteCountry "WLS"]
[BlackCountry "ITA"]
[WhiteElo "1923"]
[WhiteRD "74"]
[BlackElo "1810"]
[BlackRD "80"]
[GameID "329172"]

1. d4 Nf6 2. c4 c5 3. d5 b5 4. cxb5 a6 5. bxa6 Bxa6 6. Nc3 g6 7. g3 d6 8. e4 Bxf1 9. Kxf1 Bg7 10. Kg2 Nbd7
11. Nf3 O-O 12. Qc2 Qa5 13. h3 Rfb8 14. Nd2 Ne8 15. Nc4 Qb4 16. Ne3 Nc7 17. f4 Nb5 18. a3 Nxa3 19. bxa3 Qxc3 20. Qxc3 Bxc3
21. Ra2 Ra4 22. Nd1 Bg7 23. Re1 c4 24. Nb2 Bxb2 25. Rxb2 Rxb2+ 26. Bxb2 Nc5 27. e5 Nd3 28. Re2 Nxb2 29. Rxb2 Rxa3 30. Rc2 c3
31. Kf3 Kf8 32. Ke3 Ke8=
1/2-1/2

[Event "Max Euwe Memorial - Open A"]
[Site "SchemingMind.com"]
[Date "2013.03.26"]
[Round "-"]
[White "Stauffenberg"]
[Black "miriskra"]
[Result "0-1"]
[WhiteCountry "ITA"]
[BlackCountry "WLS"]
[WhiteElo "1810"]
[WhiteRD "80"]
[BlackElo "1923"]
[BlackRD "74"]
[GameID "329173"]

1. d4 d5 2. Nf3 Nf6 3. c4 c6 4. Nc3 e6 5. e3 Nbd7 6. Bd3 Be7 7. O-O O-O 8. b3 Qc7 9. Bb2 a6 10. Rc1 Qb8
11. Qc2 dxc4 12. bxc4 c5 13. d5 exd5 14. Nxd5 Nxd5 15. cxd5 h6 16. e4 b5 17. e5 c4 18. Bf5 Nc5 19. Bxc8 Qxc8 20. d6 Bd8
21. Ba3 Nd3 22. d7 Qxd7 23. Bxf8 Kxf8 24. Rcd1 Bb6 25. Ne1 Qa7 26. Nxd3 cxd3 27. Rxd3 Re8 28. Re1 Kg8 29. Kf1 g6 30. f4 a5
31. Red1 Qe7 32. Qc6 Ba7 33. Rd7 Qc5 34. Qxc5 Bxc5 35. g3 b4 36. Rc1 Bb6
0-1

[Event "Max Euwe Memorial - Open A"]
[Site "SchemingMind.com"]
[Date "2013.04.07"]
[Round "-"]
[White "BlueMooner"]
[Black "miriskra"]
[Result "1-0"]
[WhiteCountry "ENG"]
[BlackCountry "WLS"]
[WhiteElo "1956"]
[WhiteRD "96"]
[BlackElo "1861"]
[BlackRD "74"]
[GameID "329754"]

1. e4 e6 2. d4 d5 3. Nc3 Bb4 4. e5 c5 5. a3 Bxc3+ 6. bxc3 Qc7 7. Qg4 Ne7 8. Qxg7 Rg8 9. Qxh7 cxd4 10. Ne2 dxc3
11. f4 Nbc6 12. Qd3 Bd7 13. Qxc3 Rc8 14. Ng3 Qb6 15. Qb2 Nd4 16. Qxb6 axb6 17. Rb1 Nxc2+ 18. Kf2 Rc3 19. Rxb6 Bc6 20. Bb2 Rc5
21. Bd3 Nc8 22. Rb3 b6 23. Rc1 Ba4 24. Rc3 Rxc3 25. Bxc3
1-0

[Event "Max Euwe Memorial - Open A"]
[Site "SchemingMind.com"]
[Date "2013.04.05"]
[Round "-"]
[White "BlueMooner"]
[Black "Stauffenberg"]
[Result "1-0"]
[WhiteCountry "ENG"]
[BlackCountry "ITA"]
[WhiteElo "1931"]
[WhiteRD "87"]
[BlackElo "1810"]
[BlackRD "80"]
[GameID "329755"]

1. e4 c5 2. Nc3 Nc6 3. f4 g6 4. Nf3 Bg7 5. Bb5 Nd4 6. O-O Nxb5 7. Nxb5 d5 8. exd5 a6 9. Nc3 Nf6 10. d4 Nxd5
11. dxc5 Nxc3 12. Qxd8+ Kxd8 13. bxc3 Bxc3 14. Rb1 Kc7 15. Rb3 Bf6 16. Bd2 Be6 17. Ba5+ Kc8 18. Rb6 Bxa2 19. Ne5 Bxe5 20. fxe5 Bd5
21. Rd1 Bc6 22. Rb4 b5 23. Rbd4 h5 24. Rf4 Rf8 25. c4 bxc4 26. Rxc4 Rb8 27. Bb6 Rb7 28. Rcd4 Rd7 29. Kf2 f6 30. e6 Rxd4
31. Rxd4 f5 32. Rd3 Rf6 33. Re3 Be4 34. h3 Rxe6 35. g4 Bd5 36. Rxe6 Bxe6 37. gxf5 Bxf5 38. h4 Kb7 39. Bd8 e6 40. Ke3 Kc6
41. Bb6 Kb5 42. Kf4 a5 43. Ke5
1-0

[Event "Max Euwe Memorial - Open A"]
[Site "SchemingMind.com"]
[Date "2013.04.07"]
[Round "-"]
[White "miriskra"]
[Black "BlueMooner"]
[Result "0-1"]
[WhiteCountry "WLS"]
[BlackCountry "ENG"]
[WhiteElo "1899"]
[WhiteRD "74"]
[BlackElo "1942"]
[BlackRD "86"]
[GameID "329756"]

1. d4 Nf6 2. c4 c5 3. Nf3 cxd4 4. Nxd4 e5 5. Nb5 d5 6. cxd5 Bc5 7. e3 O-O 8. Be2 e4 9. N5c3 Qe7 10. O-O Rd8
11. a3 Nbd7 12. b4 Bd6 13. g3 Ne5 14. Qb3 h5 15. f4 exf3 16. Bxf3 Nxf3+ 17. Rxf3 Bg4 18. Rf2 Rac8 19. Bd2 h4 20. gxh4 Nd7
21. Nb5 Ne5 22. Nxd6 Rxd6 23. e4 Rg6 24. Kf1 Qxh4 25. Bf4 Qh3+ 26. Qxh3 Bxh3+ 27. Ke2 Bg4+ 28. Kd2 Nf3+ 29. Ke3 Rc1 30. Rxf3 Bxf3
31. Kxf3 Rf1+ 32. Ke3 Rgg1 33. Nd2 Rxa1 34. d6 Kf8 35. Nc4 b5 36. Ne5 Rxa3+ 37. Kd4 Rd1+ 38. Kc5 Rc3+ 39. Kxb5 Rxd6 40. Nc4 Rd4
41. Nd6 Rb3
0-1

[Event "Max Euwe Memorial - Open A"]
[Site "SchemingMind.com"]
[Date "2013.04.05"]
[Round "-"]
[White "Stauffenberg"]
[Black "BlueMooner"]
[Result "1/2-1/2"]
[WhiteCountry "ITA"]
[BlackCountry "ENG"]
[WhiteElo "1923"]
[WhiteRD "90"]
[BlackElo "1941"]
[BlackRD "89"]
[GameID "329757"]

1. d4 Nf6 2. c4 c5 3. d5 b5 4. cxb5 a6 5. bxa6 g6 6. Nc3 Bxa6 7. e4 Bxf1 8. Kxf1 d6 9. Nf3 Bg7 10. g3 O-O
11. Kg2 Nbd7 12. Re1 Qb6 13. h3 Rfb8 14. Re2 Ne8 15. Be3 Qa6 16. Rc2 Nc7 17. Qe2 Qxe2 18. Rxe2 Nb5 19. Bd2 Ne5 20. Nxe5 Bxe5
21. Nxb5 Rxb5 22. Bc3 Bxc3 23. bxc3 Ra3 24. Rc1 Rba5 25. Rcc2 f6 26. f4 Kf7 27. Kf3 h5 28. g4 hxg4+ 29. hxg4 R5a4 30. f5=
1/2-1/2

[Event "Max Euwe Memorial - Open A"]
[Site "SchemingMind.com"]
[Date "2013.04.15"]
[Round "-"]
[White "Olli Ylönen"]
[Black "BlueMooner"]
[Result "1/2-1/2"]
[WhiteCountry "FIN"]
[BlackCountry "ENG"]
[WhiteElo "1862"]
[WhiteRD "61"]
[BlackElo "1942"]
[BlackRD "86"]
[GameID "330132"]

1. Nf3 c5 2. e4 g6 3. d4 cxd4 4. Nxd4 Nc6 5. c4 Bg7 6. Be3 Nf6 7. Nc3 d6 8. Be2 O-O 9. O-O Nxd4 10. Bxd4 a5
11. Re1 Nd7 12. Bxg7 Kxg7 13. Qd4+ Kg8 14. b3 Nc5 15. f4 Bd7 16. Rad1 Bc6 17. f5 Qb6 18. Kh1 Nd7 19. Nd5 Bxd5 20. Qxb6 Nxb6
21. exd5 Nd7 22. fxg6 hxg6 23. h4 Kg7 24. g3 Ne5 25. Kg2 Rac8 26. h5 g5 27. Rd4 Rh8 28. g4 Rc7 29. Bf3 Rh6 30. Kg3 Rf6
31. Re3 Kf8 32. Rde4=
1/2-1/2

[Event "Max Euwe Memorial - Open A"]
[Site "SchemingMind.com"]
[Date "2013.04.16"]
[Round "-"]
[White "Olli Ylönen"]
[Black "miriskra"]
[Result "0-1"]
[WhiteCountry "FIN"]
[BlackCountry "WLS"]
[WhiteElo "1826"]
[WhiteRD "61"]
[BlackElo "1891"]
[BlackRD "74"]
[GameID "330133"]

1. Nf3 Nf6 2. g3 d5 3. Bg2 c6 4. O-O g6 5. d3 Bg7 6. Nbd2 O-O 7. e4 Nbd7 8. e5 Ng4 9. d4 Nh6 10. Re1 e6
11. b3 b6 12. c4 Nf5 13. cxd5 cxd5 14. a4 Ba6 15. b4 Bd3 16. Ra3 Ba6 17. a5 bxa5 18. Rxa5 Bb7 19. Nb3 Nb6 20. Nc5 Bc6
21. b5 Nc4 22. Rxa7 Rxa7 23. bxc6 Qc7 24. Nd2 Nxd2 25. Bxd2 Qxc6 26. Be3 Nxe3 27. Rxe3 Rfa8 28. Nb3 Ra3 29. h4 Qa4 30. Qf3 Bh6
31. Rd3 Bf8 32. Nd2 Rxd3 33. Qxd3 Qd1+
0-1

[Event "Max Euwe Memorial - Open A"]
[Site "SchemingMind.com"]
[Date "2013.04.15"]
[Round "-"]
[White "Olli Ylönen"]
[Black "Stauffenberg"]
[Result "0-1"]
[WhiteCountry "FIN"]
[BlackCountry "ITA"]
[WhiteElo "1826"]
[WhiteRD "61"]
[BlackElo "1923"]
[BlackRD "90"]
[GameID "330134"]

1. Nf3 Nf6 2. b3 g6 3. Bb2 Bg7 4. g3 O-O 5. Bg2 c5 6. c4 Nc6 7. O-O d6 8. d4 cxd4 9. Nxd4 Bd7 10. Nc2 Qa5
11. Nc3 a6 12. Nd5 Nxd5 13. Bxg7 Kxg7 14. cxd5 Na7 15. b4 Qb6 16. Qd4+ Qxd4 17. Nxd4 Nb5 18. e4 Nxd4
0-1

[Event "Max Euwe Memorial - Open A"]
[Site "SchemingMind.com"]
[Date "2013.04.15"]
[Round "-"]
[White "BlueMooner"]
[Black "Olli Ylönen"]
[Result "0-1"]
[WhiteCountry "ENG"]
[BlackCountry "FIN"]
[WhiteElo "1924"]
[WhiteRD "90"]
[BlackElo "1862"]
[BlackRD "57"]
[GameID "330135"]

1. e4 c6 2. d4 d5 3. Nc3 dxe4 4. Nxe4 Bf5 5. Ng3 Bg6 6. h4 h6 7. Nf3 Bh7 8. h5 Nd7 9. Bd3 Bxd3 10. Qxd3 e6
11. Bf4 Qa5+ 12. c3 Ngf6 13. b4 Qb5 14. Qxb5 cxb5 15. Ne2 Nb6 16. Ne5 Rc8 17. Rc1 a6 18. f3 Be7 19. Kf2 Nbd5 20. Bd2 O-O
21. Nf4 Nxf4 22. Bxf4 Nd5 23. Bd2 Bg5 24. Bxg5 hxg5 25. Ng6 fxg6 26. hxg6 Rxc3 27. Rce1 Rf6
0-1

[Event "Max Euwe Memorial - Open A"]
[Site "SchemingMind.com"]
[Date "2013.04.15"]
[Round "-"]
[White "miriskra"]
[Black "Olli Ylönen"]
[Result "1/2-1/2"]
[WhiteCountry "WLS"]
[BlackCountry "FIN"]
[WhiteElo "1911"]
[WhiteRD "71"]
[BlackElo "1862"]
[BlackRD "57"]
[GameID "330136"]

1. d4 Nf6 2. Nf3 g6 3. c4 Bg7 4. Nc3 O-O 5. e4 d6 6. Be2 e5 7. d5 Nbd7 8. O-O Nc5 9. Qc2 a5 10. Ne1 Bd7
11. Bf3 Ne8 12. Nd3 Nxd3 13. Qxd3 c6 14. g3 cxd5 15. cxd5 f5 16. exf5 Bxf5 17. Be4 Bxe4 18. Nxe4 Qb6 19. Kg2 Nf6 20. Nxf6+ Bxf6
21. Rb1 a4 22. Be3 Qa6 23. Qd2 b5 24. f4 exf4 25. Bxf4 Be5 26. Bh6 Bg7 27. Bxg7 Kxg7 28. Qd4+ Kg8 29. Rf6 Rxf6 30. Qxf6 Rf8=
1/2-1/2

[Event "Max Euwe Memorial - Open A"]
[Site "SchemingMind.com"]
[Date "2013.04.15"]
[Round "-"]
[White "Stauffenberg"]
[Black "Olli Ylönen"]
[Result "0-1"]
[WhiteCountry "ITA"]
[BlackCountry "FIN"]
[WhiteElo "1810"]
[WhiteRD "80"]
[BlackElo "1847"]
[BlackRD "59"]
[GameID "330137"]

1. d4 Nf6 2. c4 g6 3. Nc3 d5 4. cxd5 Nxd5 5. e4 Nxc3 6. bxc3 Bg7 7. Nf3 c5 8. Rb1 O-O 9. Be2 Qa5 10. Qd2 a6
11. h3 cxd4 12. cxd4 Qxd2+ 13. Bxd2 e6 14. O-O Rd8 15. Be3 Nc6 16. Rfd1 b5 17. e5 Bf8 18. Bd3 Bb7 19. Be2 Be7 20. Rbc1 f6
21. Kf1 fxe5 22. dxe5 Rxd1+ 23. Rxd1 Rd8 24. Rxd8+ Nxd8 25. Nd2 Bd5 26. Nb3 Nc6
0-1

[Event "Max Euwe Memorial - Open A"]
[Site "SchemingMind.com"]
[Date "2013.04.11"]
[Round "-"]
[White "GBEDARD"]
[Black "BlueMooner"]
[Result "1-0"]
[WhiteCountry "USA"]
[BlackCountry "ENG"]
[WhiteElo "2276"]
[WhiteRD "63"]
[BlackElo "1956"]
[BlackRD "96"]
[GameID "330152"]

1. e4 c5 2. Nf3 g6 3. d4 cxd4 4. Nxd4 Nc6 5. c4 Bg7 6. Be3 Nf6 7. Nc3 O-O 8. Be2 d6 9. O-O Nxd4 10. Bxd4 Bd7
11. Qd3 a5 12. b3 Bc6 13. a3 Nd7 14. Bxg7 Kxg7 15. b4 axb4 16. axb4 Nf6 17. Qe3 b6 18. f4 Qc7 19. Rad1 Ra3 20. Qd4 Kg8
21. Rd3 Qb7 22. Bf3 Qa7 23. e5 Bxf3 24. Rdxf3 dxe5 25. fxe5 Nh5 26. Nb5 Rxf3 27. Nxa7 Rxf1+ 28. Kxf1
1-0

[Event "Max Euwe Memorial - Open A"]
[Site "SchemingMind.com"]
[Date "2013.04.12"]
[Round "-"]
[White "GBEDARD"]
[Black "miriskra"]
[Result "1-0"]
[WhiteCountry "USA"]
[BlackCountry "WLS"]
[WhiteElo "2307"]
[WhiteRD "63"]
[BlackElo "1911"]
[BlackRD "71"]
[GameID "330153"]

1. e4 c6 2. d4 d5 3. Nc3 dxe4 4. Nxe4 Bf5 5. Ng3 Bg6 6. h4 h6 7. Nf3 Nd7 8. h5 Bh7 9. Bd3 Bxd3 10. Qxd3 Qc7
11. Bd2 O-O-O 12. O-O-O Ngf6 13. Qe2 e6 14. Ne5 Nb6 15. Ba5 Rd5 16. Bxb6 axb6 17. c4 Ra5 18. Kb1 Kb8 19. Ne4 Nxe4 20. Qxe4 Bd6
21. f4 b5 22. c5 Bxe5 23. Qxe5 Rg8 24. g4 Qxe5 25. dxe5 b4 26. Rd7 Rxc5 27. Rxf7 Rd5 28. Rg1 c5 29. g5 hxg5 30. Rxg5 Rd4
31. h6 c4 32. Rgxg7 Rgd8 33. Rxb7+ Ka8 34. Ra7+
1-0

[Event "Max Euwe Memorial - Open A"]
[Site "SchemingMind.com"]
[Date "2013.04.15"]
[Round "-"]
[White "GBEDARD"]
[Black "Olli Ylönen"]
[Result "1-0"]
[WhiteCountry "USA"]
[BlackCountry "FIN"]
[WhiteElo "2276"]
[WhiteRD "63"]
[BlackElo "1847"]
[BlackRD "58"]
[GameID "330154"]

1. e4 c5 2. Nf3 d6 3. d4 cxd4 4. Nxd4 Nf6 5. Nc3 g6 6. Be3 Bg7 7. f3 O-O 8. Qd2 Nc6 9. O-O-O d5 10. exd5 Nxd5
11. Nxc6 bxc6 12. Bd4 Nxc3 13. Qxc3 Bh6+ 14. Be3 Bxe3+ 15. Qxe3 Qb6 16. Qxe7 Be6 17. Bd3 Qe3+ 18. Rd2 Rfe8 19. Qf6 Bxa2 20. b3 Red8
21. Qb2 Bxb3 22. Qxb3 Rab8 23. Qa2 a5 24. Kd1 a4 25. Re2 Rxd3+ 26. cxd3 Qxd3+ 27. Kc1 Qc3+ 28. Rc2 Qe3+ 29. Rd2 Rb3 30. Qa1 a3
31. Qd4 a2 32. Kc2 Qe6 33. Qe4
1-0

[Event "Max Euwe Memorial - Open A"]
[Site "SchemingMind.com"]
[Date "2013.04.12"]
[Round "-"]
[White "GBEDARD"]
[Black "Stauffenberg"]
[Result "1-0"]
[WhiteCountry "USA"]
[BlackCountry "ITA"]
[WhiteElo "2196"]
[WhiteRD "66"]
[BlackElo "1923"]
[BlackRD "90"]
[GameID "330155"]

1. e4 c5 2. Nf3 d6 3. d4 cxd4 4. Nxd4 Nf6 5. Nc3 a6 6. Be3 e6 7. f3 b5 8. Qd2 b4 9. Na4 Nbd7 10. c4 bxc3
11. Nxc3 Bb7 12. Be2 Be7 13. g4 h6 14. O-O Rc8 15. Rfd1 Ne5 16. Rac1 Nc4 17. Bxc4 Rxc4 18. Qe2 Rc8 19. e5 Nd5 20. Nxd5 Bxd5
21. Rxc8 Qxc8 22. exd6 Bxd6 23. Nf5 Bf8 24. Bd4 Rg8 25. Qe3 Kd7 26. Bb6 Qb7 27. Bc5 Bxc5 28. Qxc5 Qc7 29. Rxd5+ exd5 30. Qxd5+ Ke8
31. Qa8+ Qd8 32. Qxa6 Qd1+ 33. Kg2 Qd2+ 34. Kh3 Kd7 35. Qb7+ Ke6 36. Qe7+
1-0

[Event "Max Euwe Memorial - Open A"]
[Site "SchemingMind.com"]
[Date "2013.04.11"]
[Round "-"]
[White "BlueMooner"]
[Black "GBEDARD"]
[Result "0-1"]
[WhiteCountry "ENG"]
[BlackCountry "USA"]
[WhiteElo "1903"]
[WhiteRD "101"]
[BlackElo "2286"]
[BlackRD "65"]
[GameID "330156"]

1. e4 e5 2. Nf3 Nc6 3. Bc4 Nf6 4. d3 Bc5 5. c3 a6 6. Bb3 Ba7 7. h3 d6 8. Nbd2 h6 9. Nf1 Be6 10. Bc2 d5
11. Qe2 Qd7 12. Ng3 O-O-O 13. Be3 d4 14. Bd2 dxc3 15. bxc3 g5 16. Be3 Bxe3 17. Qxe3 Qd6 18. Nh2 Qa3 19. O-O Qxc3 20. Ba4 Rxd3
0-1

[Event "Max Euwe Memorial - Open A"]
[Site "SchemingMind.com"]
[Date "2013.04.12"]
[Round "-"]
[White "miriskra"]
[Black "GBEDARD"]
[Result "0-1"]
[WhiteCountry "WLS"]
[BlackCountry "USA"]
[WhiteElo "1861"]
[WhiteRD "74"]
[BlackElo "2276"]
[BlackRD "63"]
[GameID "330157"]

1. d4 Nf6 2. c4 e6 3. Nf3 c5 4. Nc3 cxd4 5. Nxd4 Nc6 6. g3 Qb6 7. e3 Bb4 8. Bg2 Ne5 9. Qe2 Qc5 10. Bf1 d5
11. Nc2 Bxc3+ 12. bxc3 Nxc4 13. Bg2 O-O 14. O-O Bd7 15. Rd1 Rfc8 16. a4 e5 17. Nb4 Bg4 18. f3 Bf5 19. Kh1 e4 20. g4 Be6
21. g5 exf3 22. Bxf3 Ne4 23. Bxe4 dxe4 24. h4 Ne5 25. Bd2 Bg4
0-1

[Event "Max Euwe Memorial - Open A"]
[Site "SchemingMind.com"]
[Date "2013.04.15"]
[Round "-"]
[White "Olli Ylönen"]
[Black "GBEDARD"]
[Result "0-1"]
[WhiteCountry "FIN"]
[BlackCountry "USA"]
[WhiteElo "1847"]
[WhiteRD "58"]
[BlackElo "2276"]
[BlackRD "63"]
[GameID "330158"]

1. Nf3 Nf6 2. b3 g6 3. Bb2 Bg7 4. g3 O-O 5. Bg2 d6 6. d4 Nbd7 7. O-O c6 8. Nbd2 Qc7 9. e4 e5 10. dxe5 Nxe5
11. Nxe5 dxe5 12. Nc4 Rd8 13. Bxe5 Rxd1 14. Bxc7 Rxa1 15. Rxa1 b5 16. Ne5 Ne8 17. Rd1 Be6 18. Nxc6 Nxc7 19. e5 Re8 20. Nxa7 Bxe5
21. Bf1 Ra8 22. Nxb5 Nxb5 23. Bxb5 Rxa2 24. Bd3= Bh3 25. Rb1 Bd6 26. Rd1 Bb4 27. f4 Bc5+ 28. Kh1 Bg4 29. Re1 Bf3#
0-1

[Event "Max Euwe Memorial - Open A"]
[Site "SchemingMind.com"]
[Date "2013.04.11"]
[Round "-"]
[White "Stauffenberg"]
[Black "GBEDARD"]
[Result "0-1"]
[WhiteCountry "ITA"]
[BlackCountry "USA"]
[WhiteElo "1923"]
[WhiteRD "90"]
[BlackElo "2196"]
[BlackRD "66"]
[GameID "330159"]

1. d4 Nf6 2. c4 e6 3. Nc3 c5 4. d5 exd5 5. cxd5 d6 6. e4 g6 7. f4 Bg7 8. Bb5+ Nfd7 9. a4 a6 10. Bd3 Qh4+
11. g3 Qd8 12. Nf3 O-O 13. Bd2 Re8 14. O-O b6 15. Qc2 Nf6 16. Rfe1 Bg4 17. Kf2 Ra7 18. Nb1 Rae7 19. Na3 Nbd7 20. Nc4 Qb8
21. Bc3 b5 22. axb5 axb5 23. Ncd2 c4 24. Bf1 Nc5 25. Bxf6 Bxf6 26. Kg2 Qc8 27. Re3 Bxf3+ 28. Kxf3 Bd4 29. Re2 Nd3 30. Ra2 f5
31. Qb1 b4 32. b3 fxe4+ 33. Rxe4 cxb3 34. Bxd3 bxa2
0-1

[Event "Max Euwe Memorial - Open A"]
[Site "SchemingMind.com"]
[Date "2013.04.26"]
[Round "-"]
[White "Juan Jose Rivas Maceda"]
[Black "BlueMooner"]
[Result "1-0"]
[WhiteCountry "PER"]
[BlackCountry "ENG"]
[WhiteElo "2380"]
[WhiteRD "85"]
[BlackElo "1924"]
[BlackRD "90"]
[GameID "330909"]

1. e4 c5 2. Nf3 g6 3. c4 Bg7 4. d4 cxd4 5. Nxd4 d6 6. Nc3 Nf6 7. Be2 O-O 8. O-O Nc6 9. Be3 Nxd4 10. Bxd4 Bd7
11. Qd3 a5 12. Rad1 Bc6 13. f4 Nd7 14. Bxg7 Kxg7 15. Qd4+ Kg8 16. Bg4 Qb6 17. Bxd7 Qxd4+ 18. Rxd4 Bxd7 19. e5 Be6 20. exd6 exd6
21. Rfd1 Rfd8 22. b3 Ra6 23. Ne4 b6 24. Rxd6 Rxd6 25. Rxd6 Ra8 26. Rxb6 a4 27. c5 axb3 28. axb3 Ra3 29. c6 Rxb3 30. Rxb3 Bxb3
31. Nc5
1-0

[Event "Max Euwe Memorial - Open A"]
[Site "SchemingMind.com"]
[Date "2013.04.26"]
[Round "-"]
[White "Juan Jose Rivas Maceda"]
[Black "GBEDARD"]
[Result "1-0"]
[WhiteCountry "PER"]
[BlackCountry "USA"]
[WhiteElo "2398"]
[WhiteRD "93"]
[BlackElo "2196"]
[BlackRD "66"]
[GameID "330910"]

1. e4 g6 2. d4 Bg7 3. c4 d6 4. Nc3 Nf6 5. f3 O-O 6. Be3 c5 7. dxc5 dxc5 8. Qxd8 Rxd8 9. Bxc5 Nc6 10. Nge2 Nd7
11. Bf2 Nde5 12. Nf4 b6 13. Nfd5 e6 14. Nc7 Rb8 15. Rd1 Rxd1+ 16. Kxd1 Rb7 17. N7b5 Nb4 18. Be3 Rd7+ 19. Kc1 Nbd3+ 20. Bxd3 Rxd3
21. Bd4 Bh6+ 22. Kb1 Nxc4 23. Rd1 Rxd1+ 24. Nxd1 a6 25. Na7 Bd7 26. b3 Nd2+ 27. Kc2 Nf1 28. Kd3 Nxh2 29. Ke2 Bf4 30. Bxb6 Bd6
31. Nb2 f5 32. exf5 exf5 33. Nd3 g5 34. Nc5 Be8 35. Nxa6 g4 36. Kf2 gxf3 37. gxf3 Bh5 38. Bc7 Bxc7 39. Nxc7 Nxf3 40. b4 Ne5
41. b5 f4 42. b6 Nd3+ 43. Kg1 Bf3 44. Ne6 Ba8 45. Nb5 Kf7 46. Nbc7 Ne5 47. Ng5+ Kg6 48. Nxa8 h6 49. Ne4 f3 50. b7 Nc6
51. Kf2 Kf5 52. Nc5 Kf4 53. a4 h5 54. a5 Ke5 55. a6 Kd4 56. a7
1-0

[Event "Max Euwe Memorial - Open A"]
[Site "SchemingMind.com"]
[Date "2013.04.26"]
[Round "-"]
[White "Juan Jose Rivas Maceda"]
[Black "miriskra"]
[Result "1-0"]
[WhiteCountry "PER"]
[BlackCountry "WLS"]
[WhiteElo "2449"]
[WhiteRD "108"]
[BlackElo "1861"]
[BlackRD "74"]
[GameID "330911"]

1. e4 e6 2. d4 d5 3. Nc3 Bb4 4. e5 c5 5. a3 Bxc3+ 6. bxc3 Qc7 7. Qg4 Ne7 8. Qxg7 Rg8 9. Qxh7 cxd4 10. Ne2 dxc3
11. f4 b6 12. Ng3 Ba6 13. Nh5 Kd8 14. Nf6 Rf8 15. Bxa6 Nxa6 16. Qg7 Ng6 17. h4 Qe7 18. h5 Nh8 19. f5 Kc7 20. Bg5
1-0

[Event "Max Euwe Memorial - Open A"]
[Site "SchemingMind.com"]
[Date "2013.04.26"]
[Round "-"]
[White "Juan Jose Rivas Maceda"]
[Black "Olli Ylönen"]
[Result "1-0"]
[WhiteCountry "PER"]
[BlackCountry "FIN"]
[WhiteElo "2380"]
[WhiteRD "85"]
[BlackElo "1862"]
[BlackRD "57"]
[GameID "330912"]

1. e4 c6 2. d4 d5 3. Nc3 dxe4 4. Nxe4 Bf5 5. Ng3 Bg6 6. h4 h6 7. Nf3 Nd7 8. h5 Bh7 9. Bd3 Bxd3 10. Qxd3 Ngf6
11. Bd2 e6 12. O-O-O Be7 13. Ne4 Nxe4 14. Qxe4 Nf6 15. Qd3 O-O 16. g4 Nxg4 17. Rhg1 Nxf2 18. Qe2 Nxd1 19. Bxh6 Kh7 20. Bxg7 Rg8
21. Qe4+ f5 22. Qxe6 Rxg7 23. Rg6 Rxg6 24. Qxg6+ Kh8 25. Ne5
1-0

[Event "Max Euwe Memorial - Open A"]
[Site "SchemingMind.com"]
[Date "2013.04.26"]
[Round "-"]
[White "Juan Jose Rivas Maceda"]
[Black "Stauffenberg"]
[Result "1-0"]
[WhiteCountry "PER"]
[BlackCountry "ITA"]
[WhiteElo "2404"]
[WhiteRD "97"]
[BlackElo "1810"]
[BlackRD "80"]
[GameID "330913"]

1. e4 c5 2. Nf3 d6 3. d4 cxd4 4. Nxd4 Nf6 5. Nc3 a6 6. Be3 e6 7. f3 b5 8. Qd2 b4 9. Na4 Nbd7 10. Bc4 Qc7
11. Bb3 Nc5 12. Qxb4 Nxb3 13. axb3 d5 14. Qc3 Qxc3+ 15. bxc3 Bb7 16. exd5 Nxd5 17. Bf2 Rc8 18. Ne2 Be7 19. O-O O-O 20. c4 Nb4
21. c3 Nc6 22. Bc5 Bxc5+ 23. Nxc5
1-0

[Event "Max Euwe Memorial - Open A"]
[Site "SchemingMind.com"]
[Date "2013.04.27"]
[Round "-"]
[White "BlueMooner"]
[Black "Juan Jose Rivas Maceda"]
[Result "0-1"]
[WhiteCountry "ENG"]
[BlackCountry "PER"]
[WhiteElo "1956"]
[WhiteRD "96"]
[BlackElo "2449"]
[BlackRD "108"]
[GameID "330914"]

1. e4 c5 2. Nc3 d6 3. f4 g6 4. Nf3 Bg7 5. Bc4 Nc6 6. O-O Nf6 7. d3 O-O 8. Qe1 Bg4 9. e5 Nh5 10. Ng5 dxe5
11. fxe5 Nxe5 12. Nxf7 Nxf7 13. Qh4 Qd4+ 14. Kh1 e6 15. Ne4 Nd6
0-1

[Event "Max Euwe Memorial - Open A"]
[Site "SchemingMind.com"]
[Date "2013.04.26"]
[Round "-"]
[White "GBEDARD"]
[Black "Juan Jose Rivas Maceda"]
[Result "0-1"]
[WhiteCountry "USA"]
[BlackCountry "PER"]
[WhiteElo "2307"]
[WhiteRD "63"]
[BlackElo "2380"]
[BlackRD "85"]
[GameID "330915"]

1. e4 c5 2. Nf3 Nc6 3. d4 cxd4 4. Nxd4 e5 5. Nb5 d6 6. c4 Be6 7. N1c3 a6 8. Na3 Be7 9. Nc2 Rc8 10. Nd5 Nf6
11. Bd3 Nd7 12. O-O O-O 13. b4 Bg5 14. Qf3 Bxc1 15. Raxc1 Bxd5 16. exd5 Ncb8 17. Ne3 g6 18. Qh3 Nf6 19. Qh6 Nbd7 20. Rfd1 Kh8
21. Qh3 Nh5 22. g3 Ng7 23. Be2 f5 24. a4 f4 25. gxf4 exf4 26. Ng2 Ne5 27. Ne1 Qg5+ 28. Qg2 Qf5 29. Nf3 Qe4 30. Re1 Rce8
31. Qh3 Rf5 32. Nxe5 Rfxe5 33. Bg4 Qxe1+ 34. Rxe1 Rxe1+ 35. Kg2 h5 36. Bc8 Rf8 37. Qc3 f3+ 38. Kh3 Rg1 39. Bxb7 g5 40. Qd4 Kg8
0-1

[Event "Max Euwe Memorial - Open A"]
[Site "SchemingMind.com"]
[Date "2013.04.26"]
[Round "-"]
[White "miriskra"]
[Black "Juan Jose Rivas Maceda"]
[Result "0-1"]
[WhiteCountry "WLS"]
[BlackCountry "PER"]
[WhiteElo "1911"]
[WhiteRD "71"]
[BlackElo "2380"]
[BlackRD "85"]
[GameID "330916"]

1. d4 Nf6 2. c4 e6 3. Nf3 b6 4. a3 Bb7 5. Nc3 Bxf3 6. exf3 c6 7. Be3 d5 8. c5 bxc5 9. dxc5 Nbd7 10. b4 Qc8
11. f4 Be7 12. Be2 a5 13. O-O O-O 14. Re1 Qb7 15. Rb1 axb4 16. axb4 Ra3 17. Bd4 Rfa8 18. Qc2 Qc7 19. g3 h5 20. Qb2 Qb7
21. Nd1 Ra2 22. Qc3 Ne4 23. Qf3 Nd2 24. Qxh5 Bf6
0-1

[Event "Max Euwe Memorial - Open A"]
[Site "SchemingMind.com"]
[Date "2013.04.26"]
[Round "-"]
[White "Olli Ylönen"]
[Black "Juan Jose Rivas Maceda"]
[Result "0-1"]
[WhiteCountry "FIN"]
[BlackCountry "PER"]
[WhiteElo "1826"]
[WhiteRD "61"]
[BlackElo "2398"]
[BlackRD "93"]
[GameID "330917"]

1. d4 Nf6 2. c4 e6 3. g3 d5 4. Bg2 Be7 5. Nf3 O-O 6. O-O dxc4 7. Qc2 a6 8. Qxc4 b5 9. Qc2 Bb7 10. Bd2 Be4
11. Qc1 Bb7 12. Qc2 Be4 13. Qc1 c6 14. Be3 Nbd7 15. Nc3 Bg6 16. Rd1 Nd5 17. Nxd5 cxd5 18. Qc6 Nb6 19. Bf4 Nc4 20. b3 Na5
21. Qc7 Rc8 22. Qa7 Ba3 23. Bc1 Ra8 24. Qxa8 Qxa8 25. Bxa3 Rc8 26. Bc5 Nb7 27. Rac1 a5 28. Ne5 Bf5 29. g4 Be4 30. f3 Bg6
31. Nxg6 hxg6 32. e4 Nxc5 33. Rxc5 Rxc5 34. dxc5 Qc6 35. Rc1 dxe4 36. fxe4 Qd7 37. Rf1 Qd4+
0-1

[Event "Max Euwe Memorial - Open A"]
[Site "SchemingMind.com"]
[Date "2013.04.26"]
[Round "-"]
[White "Stauffenberg"]
[Black "Juan Jose Rivas Maceda"]
[Result "0-1"]
[WhiteCountry "ITA"]
[BlackCountry "PER"]
[WhiteElo "1810"]
[WhiteRD "80"]
[BlackElo "2404"]
[BlackRD "97"]
[GameID "330918"]

1. d4 Nf6 2. c4 e6 3. Nc3 Bb4 4. Qc2 O-O 5. Nf3 c5 6. dxc5 Na6 7. g3 Nxc5 8. Bg2 Nce4 9. O-O Nxc3 10. bxc3 Bc5
11. Rb1 Qc7 12. Rd1 d6 13. h3 e5 14. Nd2 Rb8 15. Ne4 Nxe4 16. Qxe4 b6 17. Qf3 Be6 18. Qd3 Bxc4 19. Qc2 Qc8 20. Bb2 Bxa2
21. Ra1 Qe6
0-1